000 00299 a2200109 4500
001 33641
090 _c22376
_d22376
100 _aLaino, Jane
245 _aTelephoney tutorials : a practical guide for managing business telecommunications resources
260 _aN.Y.
_bTelecom Books
_c2000
505 _aCD/DVD
942 _aNUST-CAE
999 _c268714
_d268714